<?xml version="1.0" encoding="UTF-8"?>
<record
    xmlns:xsi="http://www.w3.org/2001/XMLSchema-instance"
    xsi:schemaLocation="http://www.loc.gov/MARC21/slim http://www.loc.gov/standards/marcxml/schema/MARC21slim.xsd"
    xmlns="http://www.loc.gov/MARC21/slim">

  <leader>00737naa a22002057a 4500</leader>
  <controlfield tag="001">232509</controlfield>
  <controlfield tag="003">ES-MaBCM</controlfield>
  <controlfield tag="005">20260323083824.0</controlfield>
  <controlfield tag="008">260226s2025    us ||||| |||| 00| 0 eng d</controlfield>
  <datafield tag="040" ind1=" " ind2=" ">
    <subfield code="c">ES-MaBCM</subfield>
  </datafield>
  <datafield tag="100" ind1="1" ind2=" ">
    <subfield code="a">Jost, Tyler</subfield>
    <subfield code="d">1986-</subfield>
    <subfield code="9">131207</subfield>
  </datafield>
  <datafield tag="245" ind1="1" ind2="0">
    <subfield code="a">After Xi :</subfield>
    <subfield code="b">the succession question obscuring China's future- and unsettling its present</subfield>
    <subfield code="c">Tyler Jost, Daniel C. Mattingly</subfield>
  </datafield>
  <datafield tag="600" ind1="1" ind2="0">
    <subfield code="a">Xi, Jinping&#x200F;</subfield>
    <subfield code="d">1953-&#x200F;</subfield>
    <subfield code="9">124737</subfield>
  </datafield>
  <datafield tag="650" ind1=" " ind2="7">
    <subfield code="a">Cambio de r&#xE9;gimen pol&#xED;tico</subfield>
    <subfield code="9">57801</subfield>
  </datafield>
  <datafield tag="650" ind1=" " ind2="7">
    <subfield code="a">Pol&#xED;tica interior</subfield>
    <subfield code="9">59836</subfield>
  </datafield>
  <datafield tag="651" ind1=" " ind2="4">
    <subfield code="a">China</subfield>
    <subfield code="9">115350</subfield>
  </datafield>
  <datafield tag="700" ind1="1" ind2=" ">
    <subfield code="a">Mattingly, Daniel C.</subfield>
    <subfield code="9">131208</subfield>
  </datafield>
  <datafield tag="773" ind1="0" ind2=" ">
    <subfield code="d">New York</subfield>
    <subfield code="g">Vol. 104, n. 5 (Sept-Oct. 2025), p. 148-159- Loc. S.552</subfield>
    <subfield code="t">Foreign Affairs </subfield>
    <subfield code="w">200233</subfield>
  </datafield>
  <datafield tag="942" ind1=" " ind2=" ">
    <subfield code="2">udc</subfield>
    <subfield code="c">AREV</subfield>
  </datafield>
  <datafield tag="999" ind1=" " ind2=" ">
    <subfield code="c">232509</subfield>
    <subfield code="d">232509</subfield>
  </datafield>
  <datafield tag="952" ind1=" " ind2=" ">
    <subfield code="0">0</subfield>
    <subfield code="1">0</subfield>
    <subfield code="2">udc</subfield>
    <subfield code="4">0</subfield>
    <subfield code="7">0</subfield>
    <subfield code="a">BC</subfield>
    <subfield code="b">BC</subfield>
    <subfield code="c">SALA</subfield>
    <subfield code="d">2026-02-26</subfield>
    <subfield code="l">0</subfield>
    <subfield code="r">2026-02-26 11:53:50</subfield>
    <subfield code="w">2026-02-26</subfield>
    <subfield code="y">AREV</subfield>
  </datafield>
</record>
